| 000 | 01034nam a2200229Ia 4500 | ||
|---|---|---|---|
| 003 | OSt | ||
| 005 | 20200728132821.0 | ||
| 008 | 191128s1984 ck ao gr 000 0 spa d | ||
| 020 | _a9589500404 | ||
| 040 |
_aCO-JMCR _cCO-JMCR |
||
| 041 | 0 | _aspa | |
| 082 | 0 | 4 |
_a332 / _bC766c _223 |
| 111 | 2 |
_aSimposio Sobre Reforma Financiera (1 : 1983 Oct.18-21 : Bogota) _97979 |
|
| 245 | 2 | 0 |
_a¿Le conviene al país una reforma financiera? / _cSimposio Sobre Reforma Financiera |
| 260 |
_aBogotá : _bCamara de Comercio de Bogotá, _c1984. |
||
| 300 |
_a245 páginas : _b fotografías a blanco y negro ; _c23 cm. |
||
| 490 | 0 |
_aBiblioteca de la Camara de Comercio de Bogotá ; _v8 |
|
| 505 | 0 | _aEstructura funcional del sector financiero -- Sistema financiero y desarrollo económico -- Contro y vigilancia -- Acotaciones al proyecto de reforma financiera -- El seguro de deposito | |
| 650 | 1 | 4 |
_aFinanzas _xcongresos _xconferencias _zColombia _97980 |
| 650 | 2 | 4 |
_aReforma financiera _xCongresos _xconferencias _zColombia _97981 |
| 942 |
_2ddc _cBK |
||
| 999 |
_c3949 _d3949 |
||